| 000 | 00872nam a22003015a 4500 | ||
|---|---|---|---|
| 001 | 002923 | ||
| 003 | armpunfd | ||
| 005 | 20150622165027.0 | ||
| 008 | 140910s1994####ag############000#0#und#d | ||
| 020 | _a9509606839 | ||
| 080 | _a347.42 V 479 | ||
| 100 | 1 | _aVazquez Ferreyra, Roberto. | |
| 245 | 1 | 0 |
_aDesindexación de Deudas : _bAnálisis de la Ley 24283 / _cVazquez Ferreyra, Roberto A. |
| 260 |
_aBuenos Aires : _bAd- Hoc, _c1994. |
||
| 300 | _a131 P. | ||
| 650 | 7 |
_aConvertibilidad _2LEMB |
|
| 650 | 7 |
_aDecreto 794/ 94 _2LEMB |
|
| 650 | 7 |
_aDesindexacion _2LEMB |
|
| 650 | 7 |
_aLey 24283 _2LEMB |
|
| 650 | 7 |
_aObligaciones de Dar _2LEMB |
|
| 650 | 7 |
_aResponsabilidad Civil Extracontractual _2LEMB |
|
| 650 | 7 |
_aResponsabilidad Civil _2LEMB |
|
| 650 | 7 |
_aSumas de Dinero _2LEMB |
|
| 651 | _2LEMB | ||
| 700 | 1 | _a. | |
| 945 |
_acd _d2014-09-10 |
||
| 999 |
_c3276 _d233780 |
||